| 000 | 02789nam a2200397 a 4500 | ||
|---|---|---|---|
| 001 | ebr10513530 | ||
| 003 | CaPaEBR | ||
| 006 | m u | ||
| 007 | cr cn||||||||| | ||
| 008 | 111118s2011 caua s 000 0 eng d | ||
| 010 | _z 2011045851 | ||
| 020 | _z9781609945879 (pbk.) | ||
| 020 | _z1609945875 (pbk.) | ||
| 020 | _z9781609945886 (e-book) | ||
| 040 |
_aCaPaEBR _cCaPaEBR |
||
| 035 | _a(OCoLC)761645993 | ||
| 043 | _an-us--- | ||
| 050 | 1 | 4 |
_aHC110.I5 _bT475 2011eb |
| 082 | 0 | 4 |
_a339.20973 _223 |
| 245 | 0 | 0 |
_aThis changes everything _h[electronic resource] : _bOccupy Wall Street and the 99% movement / _cedited by Sarah van Gelder and the staff of YES! Magazine. |
| 250 | _a1st ed. | ||
| 260 |
_aSan Francisco : _bBerrett-Koehler Publishers, _cc2011. |
||
| 300 |
_aviii, 84 p. : _bill. |
||
| 505 | 0 | _aIntroduction: how Occupy Wall Street changes everything / Sarah van Gelder -- How Occupy Wall Street really got started / Andy Kroll -- Enacting the impossible: making decisions by consensus / David Graeber -- Principles of solidarity -- The chills of popular power: the first month of Occupy Wall Street / Marina Sitrin -- Claiming space for diversity at Occupy Wall Street / Hena Ashraf -- Declaration of the occupation of New York City -- No leaders, no violence: what diversity of tactics means for Occupy Wall Street / Nathan Schneider -- The most important thing in the world / Naomi Klein -- How inequality poisons society and equity benefits everyone : an interview with Richard Wilkinson / Brooke Jarvis -- Six ways to liberate main street from Wall Street / David Korten -- A fair tax system: three places to start / Chuck Collins -- How to create living-wage jobs that are good for the planet / Sarah van Gelder and Doug Pibel -- How to put the rights of people and nature over corporate rights / Thomas Linzey and Jeff Reifman -- Going to the streets to get things done / Ralph Nader -- The occupation of hope: letter to a dead man / Rebecca Solnit -- 10 ways to support the occupy movement / Sarah van Gelder. | |
| 533 |
_aElectronic reproduction. _bPalo Alto, Calif. : _cebrary, _d2012. _nAvailable via World Wide Web. _nAccess may be limited to ebrary affiliated libraries. |
||
| 650 | 0 |
_aOccupy movement _zNew York (State) _zNew York. |
|
| 650 | 0 |
_aIncome distribution _zUnited States _xPublic opinion. |
|
| 650 | 0 |
_aEquality _zUnited States _xPublic opinion. |
|
| 650 | 0 |
_aProtest movements _zUnited States _xHistory _y21st century. |
|
| 650 | 0 |
_aPublic opinion _zUnited States. |
|
| 655 | 7 |
_aElectronic books. _2local |
|
| 700 | 1 | _aVan Gelder, Sarah. | |
| 710 | 2 | _aebrary, Inc. | |
| 730 | 0 | _aYES! Magazine. | |
| 856 | 4 | 0 |
_uhttp://site.ebrary.com/lib/rucke/Doc?id=10513530 _zAn electronic book accessible through the World Wide Web; click to view |
| 999 |
_c117885 _d117885 |
||